Medical behavioral science: (Record no. 36139)
[ view plain ]
| 000 -LEADER | |
|---|---|
| fixed length control field | 00546nam a22001577a 4500 |
| 008 - FIXED-LENGTH DATA ELEMENTS--GENERAL INFORMATION | |
| fixed length control field | 230529b |||||||| |||| 00| 0 eng d |
| 040 ## - CATALOGING SOURCE | |
| Original cataloging agency | National Science Library |
| Transcribing agency | National Science Library |
| 080 ## - UNIVERSAL DECIMAL CLASSIFICATION NUMBER | |
| Universal Decimal Classification number | R 016:39+301 |
| Item number | K3 |
| 100 ## - MAIN ENTRY--PERSONAL NAME | |
| Personal name | Pearsall, Marion |
| 245 ## - TITLE STATEMENT | |
| Title | Medical behavioral science: |
| Remainder of title | A selected bibliography of cultural anthropology, social psychology and sociology in medicine |
| 260 ## - PUBLICATION, DISTRIBUTION, ETC. | |
| Place of publication, distribution, etc. | US: |
| Name of publisher, distributor, etc. | University of Kentucky Press, |
| Date of publication, distribution, etc. | 1963 |
| 300 ## - PHYSICAL DESCRIPTION | |
| Extent | viii, 134p. |
| 650 ## - SUBJECT ADDED ENTRY--TOPICAL TERM | |
| Topical term or geographic name entry element | Bibliography |
| 653 ## - INDEX TERM--UNCONTROLLED | |
| Uncontrolled term | Science |
| 942 ## - ADDED ENTRY ELEMENTS (KOHA) | |
| Source of classification or shelving scheme | Universal Decimal Classification |
| Koha item type | Reference |
| Withdrawn status | Lost status | Source of classification or shelving scheme | Damaged status | Not for loan | Collection | Home library | Current library | Shelving location | Date acquired | Total Checkouts | Full call number | Barcode | Date last seen | Price effective from | Koha item type |
|---|---|---|---|---|---|---|---|---|---|---|---|---|---|---|---|
| Universal Decimal Classification | Reference | National Science Library | National Science Library | NSL-NIScPR | 25/03/1965 | R 016:39+301 K3 | 12130 | 29/05/2023 | 25/03/1965 | Reference |